000 01054nmm a2200301 a 4500
001 ocm000552764
003 TR-IsHL
005 20201028123122.0
008 110704s2010 tu tur
007 cr cn
020 _a9789756743737
035 _a552764
_b(N$T)
050 0 4 _aBP189.7
_b.İ99 2010
090 0 4 _aBP189.7
_b.İ99 2010
100 1 _aİzzeddîn Mahmûd bin Ali Kaşanî Natanzî
245 1 0 _aTasavvufun ana esasları: misbâhu'l-hidâye ve miftâhu'l- kifâye
_h[electronic resource] /
_cİzzeddîn Mahmûd bin Ali Kaşanî Natanzî ; ed. Ersan Güngör ; çev. Hakkı Uygur
250 _a1 bs.
260 _aİstanbul :
_bKurtuba Yayınları,
_c2010
300 _a431 p.
650 4 _aFelsefe, Psikoloji ve Din
650 4 _aPhilosophy, Psychology and Religion
650 0 _aTasavvuf
650 0 _aSufism
650 7 _aRELIGION / Islam / Sufi
_2bisacsh
700 1 _aGüngör, Ersan
700 1 _aUygur, Hakkı
856 4 0 _uhttp://search.ebscohost.com/login.aspx?direct=true&scope=site&db=e011xww&AN=552764
999 _c2234
_d2234